| 000 | 01234cam a2200337 a 4500 | ||
|---|---|---|---|
| 001 | 16146973 | ||
| 003 | OSt | ||
| 005 | 20170105102901.0 | ||
| 008 | 100322s2010 enk 000 0 eng | ||
| 010 | _a 2010012367 | ||
| 020 | _a9780415566285 (hardcover) | ||
| 020 | _a0415566282 (hardcover) | ||
| 020 | _a9780203842492 (ebook) | ||
| 020 | _a0203842499 (ebook) | ||
| 040 |
_aDLC _cDLC _dDLC |
||
| 043 | _ae-uk-ni | ||
| 050 | 0 | 0 |
_aJA85.2.G7 _bP67 2010 |
| 082 | 0 | 0 |
_a941.60824 _222 _bPOL 2010 |
| 245 | 0 | 0 |
_aPolitical discourse and conflict resolution : _bdebating peace in Northern Ireland / _cedited by Katy Hayward and Catherine O'Donnell. |
| 260 |
_aMilton Park, Abingdon, Oxon, [England] ; _aNew York : _bRoutledge, _c2010. |
||
| 300 |
_a232 p. ; _c22 cm. |
||
| 650 | 0 |
_aCommunication in politics _zNorthern Ireland. |
|
| 650 | 0 |
_aPeace-building _zNorthern Ireland. |
|
| 650 | 0 |
_aConflict management _zNorthern Ireland. |
|
| 651 | 0 |
_aNorthern Ireland _xPolitics and government _y1994- |
|
| 700 | 1 | _aHayward, Katy. | |
| 700 | 1 |
_aO'Donnell, Catherine, _d1979- |
|
| 906 |
_a7 _bcbc _corignew _d1 _eecip _f20 _gy-gencatlg |
||
| 942 |
_2ddc _cBK |
||
| 999 |
_c14638 _d14638 |
||